000 00364nam a2200145Ia 4500
008 100415s9999 xx 000 0 und d
082 _b14058
_a598.252
100 _aHosking Eric
245 _aSummer Migrants
260 _aLONDON
_c0
_bTHE ROYAL SOCIETY FOR THE PROT
365 _b0
630 _aSummer Migrants
730 _aSummer Migrants
942 _cBOOK
999 _c596956
_d596953